Mutations des systèmes productifs en France. (notice nᵒ 33392)
[ vue normale ]
| 000 -LEADER | |
|---|---|
| fixed length control field | 00566 a2200181 4500 |
| 001 - CONTROL NUMBER | |
| control field | OJ-rge-5127 |
| 003 - CONTROL NUMBER IDENTIFIER | |
| control field | FrMaCLE |
| 005 - DATE AND TIME OF LATEST TRANSACTION | |
| control field | 20251214085707.0 |
| 007 - PHYSICAL DESCRIPTION FIXED FIELD--GENERAL INFORMATION | |
| fixed length control field | cu ||||||m|||| |
| 008 - FIXED-LENGTH DATA ELEMENTS--GENERAL INFORMATION | |
| fixed length control field | 141015e||||||||xx |||||s|||||||||0| |d |
| 024 7# - OTHER STANDARD IDENTIFIER | |
| Standard number or code | 10.4000/rge.5127 |
| Source of number or code | doi |
| 040 ## - CATALOGING SOURCE | |
| Original cataloging agency | FR-FrMaCLE |
| 100 1# - MAIN ENTRY--PERSONAL NAME | |
| Personal name | Woessner, Raymond |
| 245 10 - TITLE STATEMENT | |
| Title | Mutations des systèmes productifs en France. |
| 260 ## - PUBLICATION, DISTRIBUTION, ETC. | |
| Date of publication, distribution, etc. | 2014 |
| 540 ## - TERMS GOVERNING USE AND REPRODUCTION NOTE | |
| Terms governing use and reproduction | CC-BY-4.0 |
| Uniform Resource Identifier | <a href="https://creativecommons.org/licenses/by/4.0/">https://creativecommons.org/licenses/by/4.0/</a> |
| 856 4# - ELECTRONIC LOCATION AND ACCESS | |
| Uniform Resource Identifier | <a href="https://journals.openedition.org/rge/5127">https://journals.openedition.org/rge/5127</a> |
| Link text | Mutations des systèmes productifs en France |
Pas d'exemplaire disponible.
